The wealth benefit beneath our feet (Record no. 117428)
[ view plain ]
| 000 -LEADER | |
|---|---|
| fixed length control field | 01349cam a2200241 4500 |
| 001 - CONTROL NUMBER | |
| control field | ABS67843 |
| 008 - FIXED-LENGTH DATA ELEMENTS--GENERAL INFORMATION | |
| fixed length control field | 040601n2004 000 0 eng u |
| 035 ## - SYSTEM CONTROL NUMBER | |
| System control number | (Sirsi) u126343 |
| 100 ## - MAIN ENTRY--PERSONAL NAME | |
| Personal name | Ewart, A. |
| 245 #4 - TITLE STATEMENT | |
| Title | The wealth benefit beneath our feet |
| 260 ## - PUBLICATION, DISTRIBUTION, ETC. | |
| Date of publication, distribution, etc. | 2004 |
| 490 ## - SERIES STATEMENT | |
| Series statement | Inside Housing |
| Volume/sequential designation | 21(20) 21 May 2004, 26-27(2) |
| 520 ## - SUMMARY, ETC. | |
| Summary, etc. | Puts the case for Land Value Taxation (LVT), now receiving serious government attention as a viable means of raising funding for new affordable housing. LVT is a way of gaining public revenue through an annual tax on the rental value of land. Variants of LVT are accepted practice in 12 countries including Australia, Canada and the USA. Pressure groups and individual MPs have promoted LVT since the mid-19th century but attempts to implement it through town and country planning legislation from 1947-76 have failed. LVT encourages housing supply and applied on a large scale could replace council tax and lead to other tax cuts. Suggests that LVT could be the kind of structural solution needed to overcome the threat of insufficient affordable housing investment. |
| 590 ## - LOCAL NOTE (RLIN) | |
| Local note | ABS |
| 590 ## - LOCAL NOTE (RLIN) | |
| Local note | ABS |
| 650 ## - SUBJECT ADDED ENTRY--TOPICAL TERM | |
| Topical term or geographic name entry element | HOUSING SUPPLY |
| 650 ## - SUBJECT ADDED ENTRY--TOPICAL TERM | |
| Topical term or geographic name entry element | LAND VALUES |
| 650 ## - SUBJECT ADDED ENTRY--TOPICAL TERM | |
| Topical term or geographic name entry element | LAND RENTAL |
| 650 ## - SUBJECT ADDED ENTRY--TOPICAL TERM | |
| Topical term or geographic name entry element | LAND VALUE TAXATION |
| 650 ## - SUBJECT ADDED ENTRY--TOPICAL TERM | |
| Topical term or geographic name entry element | TAXATION |
| 690 ## - LOCAL SUBJECT ADDED ENTRY--TOPICAL TERM (OCLC, RLIN) | |
| Topical term or geographic name as entry element | HOUSING-DEVELOPMENT |
| 942 ## - ADDED ENTRY ELEMENTS (KOHA) | |
| Suppress in OPAC | 0 |
| Withdrawn status | Lost status | Source of classification or shelving scheme | Damaged status | Not for loan | Home library | Current library | Shelving location | Date acquired | Total Checkouts | Full call number | Barcode | Date last seen | Copy number | Price effective from | Koha item type |
|---|---|---|---|---|---|---|---|---|---|---|---|---|---|---|---|
| Dewey Decimal Classification | London | London | Journal article | 01/06/2004 | ABS67843 | 126343-1001 | 06/08/2019 | 1 | 06/08/2019 | Journal article |